000 00475nam a2200181Ia 4500
008 240925s9999 xx 000 0 und d
020 _a713513950
082 _a428 WAR
100 _aWard ,J. Millington
245 0 _aO Level English Practice: answer book
250 _aNA
260 _aLondon:
_bBell & Hyman
_c,1984.
300 _aix,217p.
_bN.A
_fPhotocopy
500 _aNA
600 _aHumanities & Natural Science
650 _aEnglish and Old English
942 _cBK
999 _c4527
_d4527